000 00229nam a2200097Ia 4500
008 190216s9999||||xx |||||||||||||| ||und||
100 _aThomas Vargheese
245 0 _aVrithika Vinjaanam
260 _bKerala Basha Inst
942 _cBK
999 _c37878
_d37878